01401nam a2200313 a 450000100100000000500170001000800410002704000250006808200140009310000300010724500870013725000110022426000340023530000350026949000690030449000310037350000380040450400410044270000300048370000260051371000510053983000760059083000380066604900090070495201270071395201120084095201180095299900170107000001716120240307073946.0100319s1992 dr ab 000 0 spa d aDO-SdBNPbspacBNPHU axxxbU15m1 aUbiera, Angélica93778810aManual de letras básicas /cAngélica Ubiera, Belén Capestany, Sulamita Puig. a3a ed. aSanto Domingo :bUASD,c1992. a210 p. :bil. ; map. ;c28 cm.1 aPublicaciones de la Universidad Autónoma de Santo Domingov3421 aEducación y sociedadv24 aIncluye notas al pie de páginas aIncluye bibliografías [p. 209-210]1 aCapestany, Belén9377891 aPuig, Sulamita9377901 aUniversidad Autónoma de Santo Domingo972951 0aPublicaciones de la Universidad Autónoma de Santo Domingon342937791 0aEducación y sociedadn24937792 aBNPD 001054708DSaGRbGRcHDd2014-05-13iLF1l0oxxx U15mp17161-30r2020-06-25te. 3w2020-06-25yLFDSZPréstamo en sala 0010718PDaPDbPDcHDd2010-05-14iLF1l0oxxx U15mp17161-10r2020-06-25w2020-06-25yLFPDZNo se presta 0010718PDaPDbPDcHDd2010-05-14iLF1l0oxxx U15mp17161-20r2020-06-25te. 2w2020-06-25yLFPDZNo se presta c16687d16687